| 000 | 00741cam a22002533a 4500 | ||
|---|---|---|---|
| 001 | 12747 | ||
| 003 | PGUSA | ||
| 005 | 20140828083256.0 | ||
| 008 | 040626s2004||||xxu|||||s|||||000 | eng d | ||
| 040 |
_aPGUSA _beng |
||
| 042 | _adc | ||
| 050 | 4 | _aPT | |
| 245 | 1 | 4 |
_aThe Story of Grettir the Strong _h[electronic resource] |
| 260 |
_bProject Gutenberg, _c2004 |
||
| 506 | _aPublic domain in the USA. | ||
| 516 | _aElectronic text | ||
| 653 | _aGrettir Ásmundarson, 996-1031 -- Romances | ||
| 653 | _aSagas -- Translations into English | ||
| 700 | 1 |
_aMorris, William, _d1834-1896 |
|
| 700 | 1 |
_aEiríkr Magnússon, _d1833-1913 |
|
| 830 | 0 |
_aProject Gutenberg _v12747 |
|
| 856 | 4 | 0 | _uhttp://www.gutenberg.org/ebooks/12747 |
| 942 | _cEB | ||
| 999 |
_c242002 _d242002 |
||